• AIU
  • Tony Wilmot Memorial Library

The English curriculum in schools / (Record no. 35197)

MARC details
000 -LEADER
fixed length control field 01007nam a22003131a 4500
001 - CONTROL NUMBER
control field 251510
005 - DATE AND TIME OF LATEST TRANSACTION
control field 20110718131915.0
008 - FIXED-LENGTH DATA ELEMENTS--GENERAL INFORMATION
fixed length control field 981223s1998 enk b 001 0 eng d
010 ## - LIBRARY OF CONGRESS CONTROL NUMBER
LC control number 99226229
020 ## - INTERNATIONAL STANDARD BOOK NUMBER
International Standard Book Number 0304337838
020 ## - INTERNATIONAL STANDARD BOOK NUMBER
International Standard Book Number 0304337838
035 ## - SYSTEM CONTROL NUMBER
-- (DLC) 99226229
035 ## - SYSTEM CONTROL NUMBER
System control number (OCoLC)40539081
040 ## - CATALOGING SOURCE
Original cataloging agency UkGUS
Transcribing agency UkGUS
Modifying agency NmU
-- DLC
042 ## - AUTHENTICATION CODE
Authentication code lccopycat
043 ## - GEOGRAPHIC AREA CODE
Geographic area code e-uk---
050 00 - LIBRARY OF CONGRESS CALL NUMBER
Classification number LB 1576.P685 1998
Item number LB 1576.P685 1998
100 1# - MAIN ENTRY--PERSONAL NAME
Personal name Poulson, Louise.
245 14 - TITLE STATEMENT
Title The English curriculum in schools /
Statement of responsibility, etc Louise Poulson.
Medium [Text]
260 ## - PUBLICATION, DISTRIBUTION, ETC. (IMPRINT)
Place of publication, distribution, etc London
-- London
Name of publisher, distributor, etc Cassell
Date of publication, distribution, etc c1998
300 ## - PHYSICAL DESCRIPTION
Extent 151 p. ;
Dimensions 22 cm.
440 #0 - SERIES STATEMENT/ADDED ENTRY--TITLE
Title Education matters
504 ## - BIBLIOGRAPHY, ETC. NOTE
Bibliography, etc Includes bibliography and indexes
650 #0 - SUBJECT ADDED ENTRY--TOPICAL TERM
Topical term or geographic name as entry element English language
General subdivision Study and teaching
Geographic subdivision Great Britain.
650 #0 - SUBJECT ADDED ENTRY--TOPICAL TERM
Topical term or geographic name as entry element Education
General subdivision Curricula
Geographic subdivision Great Britain.
906 ## - LOCAL DATA ELEMENT F, LDF (RLIN)
a 7
b cbc
c copycat
d u
e ncip
f 19
g y-gencatlg
922 ## -
-- co
Holdings
Withdrawn status Lost status Source of classification or shelving scheme Damaged status Not for loan Collection code Home library Current library Shelving location Date acquired Cost, normal purchase price Total Checkouts Full call number Barcode Date last seen Copy number Price effective from Koha item type
    Library of Congress Classification     General Circulation AIU/NEGST - Tony Wilmot Memorial Library AIU/NEGST - Tony Wilmot Memorial Library General Stacks 01/18/2010 28.00   LB 1576.P685 1998 R48770N3232 09/02/2019 1 01/18/2010 Books